00645cam a22001817a 4500003000500000005001700005008004100022010001000063011001000073035001000083040000900093082002500102111015000127245001600277260013300293300001100426650002600437CHAP20220329140931.0971013s1985 r 10010 d a60024 a60996 a65160 cCHAP a634.772063bA8r 198500aAsociación para la Cooperación en Investigaciones de Banano en el Caribe y en América Tropical. Reunión (n7d: 1986c: San José, C.R.) 0aResúmenes aSan José, C. R. :bAsociación para la Cooperación en Investigaciones de Banano en el Caribe y en América Tropical,c1985 a130 h.14aPlátanoxCongresos.